| 000 | 01573cam a22004454a 4500 | ||
|---|---|---|---|
| 001 | 15028672 | ||
| 003 | OSt | ||
| 005 | 20140310182734.0 | ||
| 008 | 070928s2009 paua b 001 0 eng | ||
| 010 | _a 2007040508 | ||
| 016 | 7 |
_a101317529 _2DNLM |
|
| 020 | _a9780781772464 | ||
| 020 | _a9781605476414 | ||
| 035 | _a(OCoLC)ocn173659635 | ||
| 035 |
_a(OCoLC)173659635 _z(OCoLC)154806841 |
||
| 040 |
_aDNLM/DLC _cDLC _dNLM _dBTCTA _dBAKER _dC#P _dYDXCP _dJYJ _dDLC |
||
| 042 | _apcc | ||
| 050 | 0 | 0 |
_aRT 89 _b.M387 2009 |
| 100 | 1 | _aMarquis, Bessie L. | |
| 245 | 1 | 0 |
_aLeadership roles and management functions in nursing : _btheory and application / _cBessie L. Marquis, Carol J. Huston. |
| 250 | _a6th ed. | ||
| 260 |
_aPhiladelphia : _bWolters Kluwer Health/Lippincott Williams & Wilkins, _cc2009. |
||
| 300 |
_axviii, 654 p. : _bcol. ill. ; _c24 cm. |
||
| 521 | _aNUR | ||
| 650 | 0 |
_aNursing services _xAdministration. |
|
| 650 | 0 | _aLeadership. | |
| 650 | 1 | 2 | _aLeadership. |
| 650 | 1 | 2 | _aNursing, Supervisory. |
| 650 | 2 | 2 | _aNurse Administrators. |
| 650 | 2 | 2 |
_aNursing _xorganization & administration. |
| 700 | 1 | _aHuston, Carol Jorgensen. | |
| 856 | 4 | 1 |
_3Table of contents only _uhttp://www.loc.gov/catdir/toc/ecip081/2007040508.html |
| 856 | 4 | 2 |
_3Publisher description _uhttp://www.loc.gov/catdir/enhancements/fy0801/2007040508-d.html |
| 906 |
_a7 _bcbc _corignew _d1 _eecip _f20 _gy-gencatlg |
||
| 942 |
_2lcc _cBK _kFOR |
||
| 999 |
_c15494 _d15494 |
||